An intersection of east and west; Japanese business management.

保存先:
書誌詳細
第一著者: Arai, Shunzo
フォーマット: 図書
言語:Undetermined
出版事項: [Tokyo] Rikugei Pub. House 1971
主題:
タグ: タグ追加
タグなし, このレコードへの初めてのタグを付けませんか!
Thư viện lưu trữ: Trung tâm Học liệu Trường Đại học Cần Thơ
LEADER 00528nam a2200193Ia 4500
001 CTU_106905
008 210402s9999 xx 000 0 und d
082 |a 658.4 
082 |b A658 
100 |a Arai, Shunzo 
245 3 |a An intersection of east and west; Japanese business management. 
245 0 |c Shunzo Arai 
260 |a [Tokyo] 
260 |b Rikugei Pub. House 
260 |c 1971 
650 |a Industrial management 
650 |z Japan 
904 |i M.Loan 
980 |a Trung tâm Học liệu Trường Đại học Cần Thơ